000 00668nam a2200205Ia 4500
003 OSt
005 20250628101645.0
008 210210b2000 xxu||||| |||| 00| 0 eng d
040 _cAL
041 _aKannada
082 _aK894.1 UDYA
100 _aUDYAVARA SURENDRA ACHARYA.
_dಉದ್ಯಾವರ ಸುರೇಂದ್ರ ಆಚಾರ್ಯ
_9167429
245 _aAralu mallig: kavana sankalana-2.
_b ಅರಳು ಗುಲಾಬಿ ಕವನ ಸಂಕಲನ ೨
260 _aMaisurur
_bAcharya Prakashana
_c2000
300 _aviii,13
650 _aKavanagalu: aralu mallige
_9167430
690 _aKannada Poetry
_9167431
906 _a055871
942 _2ddc
_cBK
999 _c103620
_d103620